logo

Bir Sreshtho Munshi Abdur Rouf Library
Jhenaidah Cadet College

পরিবেশগত প্রভাব নিরূপণ ও ব্যবস্থাপনা / (Record no. 11496)

MARC details
000 -LEADER
fixed length control field 00848nam a2200241 a 4500
001 - CONTROL NUMBER
JCCL Control Number 11496
003 - CONTROL NUMBER IDENTIFIER
JCCL marc code BD-JhCC
005 - DATE AND TIME OF LATEST TRANSACTION
control field 20191019095336.0
008 - FIXED-LENGTH DATA ELEMENTS--GENERAL INFORMATION
fixed length control field 180603b 2009bg |||| ||a| 000 0 Mul d
020 ## - INTERNATIONAL STANDARD BOOK NUMBER
International Standard Book Number 984074740
035 ## - SYSTEM CONTROL NUMBER
system control number (BD-JhCC)11496
040 ## - CATALOGING SOURCE
Original cataloging agency BD-JhCC
Modifying agency BD-JhCC
041 ## - LANGUAGE CODE
Language code of Book Mul
082 ## - DEWEY DECIMAL CLASSIFICATION NUMBER
Author mark and Year LAH 2009
Classification number 333.7
100 ## - MAIN ENTRY--PERSONAL NAME
Personal name লাহিড়ী, অরুণ কুমার
245 ## - TITLE STATEMENT
Title পরিবেশগত প্রভাব নিরূপণ ও ব্যবস্থাপনা /
Statement of responsibility, etc অরুণ কুমার লাহিড়ী,
260 ## - PUBLICATION, DISTRIBUTION, ETC. (IMPRINT)
Place of publication, distribution, etc ঢাকা:
Name of publisher, distributor, etc বাংলা একাডেমী ঢাকা;
Date of publication, distribution, etc ২০০৯.
300 ## - PHYSICAL DESCRIPTION
Pagination ৫৯৪ পৃ. :
Dimensions ২২ সেমি.
650 ## - SUBJECT ADDED ENTRY--TOPICAL TERM
Topical term or geographic name as entry element Environmental impact analysis
650 ## - SUBJECT ADDED ENTRY--TOPICAL TERM
Topical term or geographic name as entry element Environmental management
942 ## - ADDED ENTRY ELEMENTS (KOHA)
Source of classification or shelving scheme Dewey Decimal Classification
Koha item type Books
Holdings
Source of classification or shelving scheme Damaged status Not for loan Home library Current library Shelving location Date of accession Cost, normal purchase price Total Checkouts Full call number Barcode Date last seen Copy number Koha item type
Dewey Decimal Classification     JCC Rouf Library JCC Rouf Library General Stacks 06/03/2018 260.00   333.7 LAH 2009 10437 10/03/2019 C-1 Books

JCC Library | Contacts | JCC Home

Last Update on 23 September 2017
Copyright @ 2017-2020 JCC Rouf Library
Rouf Library, Jhenidah Cadet College (JCC), Bangladesh